| 000 | 00517nam a2200181Ia 4500 | ||
|---|---|---|---|
| 008 | 220531s9999 xx 000 0 und d | ||
| 041 | _amar | ||
| 100 |
_aतळवटकर घ.अनु. _968245 |
||
| 245 | _aभगवान बुध्द आणि त्यांचा धम्म | ||
| 250 | _a2ND | ||
| 260 |
_aPune _bSugava _c2014 |
||
| 300 | _a454 | ||
| 542 | _d20-12-2014 | ||
| 551 |
_aMarathi _bUgc-MRA |
||
| 650 |
_aSociology _968246 |
||
| 906 |
_d2014-2015 _f4003 |
||
| 999 |
_c38354 _d38354 |
||